00646 2200241 4500001002100000005001500021035002000036007000300056008004100059020001800100082001000118084001600128100001600144245007800160260003100238300003200269650001700301500003800318700001200356700001600368990000900384990001100393INLIS00000000000506620220815024448 a0010-0120000151ta220815 d 1 ind  a9789792719642 a741.5 a741.5 MAK a0 aMAKI Ohsawa1 aASK THE ANGEL /cMAKI Ohsawa ; Alih bahasa, Yanni H ; editor, Nia Ikasary aJakarta :bGramedia,c2001 a189 hal. :bilus ;c11x17cm 4aKOMIK.BACAAN aJudul asli : Tenshi Ni Kiite Mina0 aYANNI H0 aNIA Ikasary a4010 a4010 a